| 000 | 00483nam a2200145 4500 | ||
|---|---|---|---|
| 999 |
_c9416 _d9416 |
||
| 008 | 151027b xxu||||| |||| 00| 0 eng d | ||
| 020 | _a9789966469533 | ||
| 050 | _aAFR PL 8704 .M74M76 2011 | ||
| 100 |
_aMtobwa, Ben R. _d2011 |
||
| 245 |
_aNajisikia Kuua Tena _cBen R. Mtobwa |
||
| 260 |
_aNairobi: _bEast African Educational Publishers, _c2011. |
||
| 300 | _a100p.: | ||
| 650 | _aSwahili Language | ||
| 650 | _aRiwaya | ||
| 942 |
_2lcc _cSH_L_BOOKS _hAFR PL 8704 .M74M76 2011 _020 |
||